| 000 | 01007nam a2200313 a 4500 | ||
|---|---|---|---|
| 001 | 000110478 | ||
| 003 | CHAP | ||
| 005 | 20220329144135.0 | ||
| 008 | 140903s2010 mx a |r| ||||||spa d | ||
| 010 | _a106940 | ||
| 011 | _a107912 | ||
| 020 | _a9786070025952 | ||
| 040 | _cCHAP | ||
| 082 | 0 | 4 |
_a635.65097235 _bL59 |
| 100 | 0 | 0 |
_aLépiz Ildefonso, Rogelio. _967437 |
| 245 | 1 | 4 |
_aLos parientes silvestres del frijol común en el Occidente de México / _cpor Rogelio Lépiz Ildefonso y Raymundo Ramirez Deldadillo. |
| 260 |
_aJalisco, Méx. : _bUniversidad de Guadalajara, _c2010. |
||
| 300 |
_a63 p. : _bil. |
||
| 590 |
_aE11695DGD _b10 _c20140908 _lUCH01 _h0851 |
||
| 590 |
_aE5765TAJ _b05 _c20140903 _lUCH01 _h0852 |
||
| 650 | 1 | 4 |
_aFrijol _xAnatomía. _943325 |
| 650 | 1 | 4 |
_aFrijol _xCultivo. _943358 |
| 650 | 1 | 4 |
_aFrijol _xFisiología y morfología. _943380 |
| 650 | 1 | 4 |
_aFrijol _xVariedades. _943446 |
| 700 | 1 |
_aRamírez Delgadillo, Raymundo _9128203 |
|
| 901 | _aBK | ||
| 942 | _cLIBRO | ||
| 942 | _n0 | ||
| 999 |
_c106940 _d106940 |
||